Az integráció politikai liturgiái szimbolikus politika és hazafiasság Löw Immánuel beszédeiben /

Political liturgies of integration: Civil Religion and Patriotism in Homiletics of Immanuel Löw Modernity and enlightenment fundamentally changed the relationship between religion, community, individual and the State. Haskalah, the Jewish enlighten-ment that appeared at the turn of the 18th-19th cen...

Teljes leírás

Elmentve itt :
Bibliográfiai részletek
Szerző: Glässer Norbert
További közreműködők: Löw Immánuel
Dokumentumtípus: Könyv része
Megjelent: 2015
Sorozat:A vallási kultúrakutatás könyvei
Mózes kőtáblái a hármashalmon : zsidó hagyomány és szimbolikus politika határán
Kulcsszavak:Zsidók története - Magyarország
Tárgyszavak:
Online Access:http://acta.bibl.u-szeged.hu/67341
LEADER 02231naa a2200265 i 4500
001 acta67341
005 20211123124650.0
008 200518s2015 hu o 0|| hun d
020 |a 978-963-306-401-6 
022 |a 2064-4825 
040 |a SZTE Egyetemi Kiadványok Repozitórium  |b hun 
041 |a hun 
041 |a eng 
100 1 |a Glässer Norbert 
245 1 3 |a Az integráció politikai liturgiái   |h [elektronikus dokumentum] :  |b szimbolikus politika és hazafiasság Löw Immánuel beszédeiben /  |c  Glässer Norbert 
260 |c 2015 
300 |a 27-46 
490 0 |a A vallási kultúrakutatás könyvei 
490 0 |a Mózes kőtáblái a hármashalmon : zsidó hagyomány és szimbolikus politika határán 
520 3 |a Political liturgies of integration: Civil Religion and Patriotism in Homiletics of Immanuel Löw Modernity and enlightenment fundamentally changed the relationship between religion, community, individual and the State. Haskalah, the Jewish enlighten-ment that appeared at the turn of the 18th-19th centuries brought the adoption of the enlightened values of western society. The enlightened absolutist rulers also thought of the Jews as subjects who could be changed and made useful. Differentiation of the Jewish institutional system, the decline of religious authority, the questioning of institutional legitimacy, the rationalisation of religious tradition, the pluralisation and individualisation of faith appeared in the Jewish communi-ties as a modern phenomenon. The State bound subjects to itself as individuals, lifting them out of the different bodies. Hungarian Neology, consciously mod-ernising and supported by the authorities and political elite, joined in the general discourses of Jewish enlightenment.Neology, in the spirit of the rationalism of the Enlightenment, its empirical demand and historical attitude, often rationalised religious traditions, and used the narratives of Hungarian civil religion. 
650 4 |a Bölcsészettudományok 
650 4 |a Történettudomány és régészet 
695 |a Zsidók története - Magyarország 
700 0 1 |a Löw Immánuel 
856 4 0 |u http://acta.bibl.u-szeged.hu/67341/1/vallasi_kulturakutatas_konyvei_019_027-046.pdf  |z Dokumentum-elérés